La tercera va̕ y la idea de buena sociedad en Amitai Etzioni perspectivas y desafo̕s /

Bibliographic Details
Main Author: Henrq̕uez Toro, Julio Cšar
Format: eBook
Language:Spanish
Published: Barcelona: J.M. Bosch Editor, 2021
Subjects:
Online Access:Acceso restringido

MARC

LEADER 00000nam a22000007a 4500
005 20220825001219.0
007 cr|||| ||||
008 220825s2021 es |||||s|||| 00||0 spa d
020 |a 978-84-124193-1-3 
035 |a 36285 
040 |a vLex 
090 |c 13830  |d 13830 
100 1 |a Henrq̕uez Toro, Julio Cšar 
245 1 2 |a La tercera va̕ y la idea de buena sociedad en Amitai Etzioni  |h [Recurso electrn̤ico] :  |b perspectivas y desafo̕s /  |c Julio Cšar Henrq̕uez Toro 
256 |a Servicio en ln̕ea 
260 |a Barcelona:  |b J.M. Bosch Editor,  |c 2021 
300 |a 1 recurso electrn̤ico 
506 1 |a Disponible solo en los productos indicados  |d vLex Global  |d vLex Global (Academic Edition, excluding Law Schools)  |d vLex Global (U.S. Academic Edition, Law Schools)  |d vLex Global (U.S. Academic Edition, excluding Law Schools)  |d vLex Global (Academic Edition, Law Schools) 
650 0 4 |a Derecho Militar  |z Espaą 
650 0 4 |a Humanidades  |z Espaą 
740 0 |a vLex Libros (Servicio en ln̕ea) 
856 4 0 |u https://app.vlex.com/#/sources/36285  |z Acceso restringido 
942 |c BOOK 
999 0 |a Military Law 
999 0 |a Humanities